Normal view MARC view

Entry Meeting Name

Number of records used in: 1

001 - CONTROL NUMBER

  • control field: 243065

003 - CONTROL NUMBER IDENTIFIER

  • control field: MY-SjTCS

005 - DATE AND TIME OF LATEST TRANSACTION

  • control field: 20200306163954.0

008 - FIXED-LENGTH DATA ELEMENTS

  • fixed length control field: 200306|| aca||aabn | a|a d

040 ## - CATALOGING SOURCE

  • Original cataloging agency: MY-SjTCS
  • Transcribing agency: MY-SjTCS

111 ## - HEADING--MEETING NAME

  • Meeting name or jurisdiction name as entry element: Southern Conference on Women's History
  • Number of part/section/meeting: (6th :
  • Date of meeting or treaty signing: 2003 :
  • Location of meeting: Athens, Ga.)

670 ## - SOURCE DATA FOUND

  • Source citation: Work cat.: (MY-SjTCS)46836: Southern Conference on Women's History (6th : 2003 : Athens, Ga.), Women shaping the south, c2006.